Catálogo

GUIA DEL PADRE : (Registro nro. 35966)

Detalles MARC
000 -LEADER
fixed length control field 00468nam a2200169 a 4500
001 - CONTROL NUMBER
control field 35966
005 - DATE AND TIME OF LATEST TRANSACTION
control field 20180714004421.0
008 - FIXED-LENGTH DATA ELEMENTS--GENERAL INFORMATION
fixed length control field 140415s1985 000 0 spa d
020 ## - INTERNATIONAL STANDARD BOOK NUMBER
International Standard Book Number 8475830331
041 ## - LANGUAGE CODE
Language code of text/sound track or separate title spa
082 ## - DEWEY DECIMAL CLASSIFICATION NUMBER
Classification number 155
Item number JOH
100 1# - MAIN ENTRY--PERSONAL NAME
Personal name Johnson, Spencer,.
245 10 - TITLE STATEMENT
Title GUIA DEL PADRE :
Remainder of title APROVECHA CADA MINUTO QUE DEDICAS A TU HIJO
260 ## - PUBLICATION, DISTRIBUTION, ETC.
Place of publication, distribution, etc. [s.l.] :
Name of publisher, distributor, etc. ORBIS,
Date of publication, distribution, etc. 1985
300 ## - PHYSICAL DESCRIPTION
Extent 112
650 14 - SUBJECT ADDED ENTRY--TOPICAL TERM
Topical term or geographic name entry element PSICOLOGIA
General subdivision PSICOLOGIA INFANTIL
Existencias
Withdrawn status Lost status Source of classification or shelving scheme Damaged status Not for loan Collection code Home library Current library Shelving location Date acquired Source of acquisition Inventory number Total Checkouts Full call number Barcode Price effective from Koha item type Date last seen
Descarte   Dewey Decimal Classification     General Biblioteca Karol Wojtyla Biblioteca Karol Wojtyla Sala general 03/12/2013 Compra 151000000000000000064104   155 JOH 1985 54245 25/05/2015 Libro  
    Dewey Decimal Classification     General Biblioteca Karol Wojtyla Biblioteca Karol Wojtyla Sala general 03/12/2013 Compra 151000000000000000064103   155 JOH 1985 54244 25/05/2015 Libro 05/01/2026